| 000 | 00628nam a2200229 i 4500 | ||
|---|---|---|---|
| 001 | C2-0236689 | ||
| 003 | PPAK | ||
| 005 | 20180727200420.0 | ||
| 008 | 011014s1970 my |||| ||||| | may d | ||
| 040 |
_aPPAK _beng _cPPAK _erda |
||
| 082 | 0 | 4 |
_a899.2405 _223 |
| 090 | 0 | 0 |
_a899.2405 _bUMA _dKAM |
| 100 | 0 |
_aUmar Junus, _eauthor |
|
| 245 | 1 | 0 |
_aAtheis : _bulasan dan kajian |
| 264 | 1 |
_aKuala Lumpur : _bPustaka Melayu Baru , _c1970 |
|
| 300 |
_a29 ; _c21 cm |
||
| 336 |
_2rdacontent _atext |
||
| 337 |
_2rdamedia _aunmediated |
||
| 338 |
_2rdacarrier _avolume |
||
| 650 | 1 | 0 | _aIndonesian - History - Revolution |
| 942 |
_ddc _cB |
||
| 999 |
_c52477 _d52477 |
||